000 00518cam a2200169 4500500
005 20260329003555.0
041 _afre
042 _adc
100 1 0 _aPortevin, Catherine
_eauthor
245 0 0 _aVies et morts des superhéros
260 _c2016.
500 _a21
690 _aHéros
690 _aLaurent de Sutter
786 0 _nPhilosophie magazine | 96 | 2 | 2016-02-01 | p. 63-63 | 1951-1787
856 4 1 _uhttps://shs.cairn.info/magazine-philosophie-magazine-2016-2-page-63?lang=fr&redirect-ssocas=7080
999 _c1825728
_d1825728